Guess the country by the national drink - Statistics

General Stats
  • This quiz has been taken 56 times
  • The average score is 13 of 18
Answer Stats
Picture Answer % Correct
Japan
92%
Russia
92%
UK
92%
France
89%
Germany
89%
China
87%
USA
85%
Mexico
81%
Ireland
72%
Brazil
70%
Greece
68%
Spain
66%
Turkey
58%
Portugal
53%
Serbia
53%
Kazakhstan
51%
Hungary
43%
Iran/Persia
32%
No matching quizzes found
Score Distribution
Percent of People with Each Score
Percentile by Number Answered
Your Score History
You have not taken this quiz